Using Gardner's Theory of Multiple Intelligence in Talent Management
Gardnerova teória mnohopočetnej inteligencie a definície jednotlivých inteligencií. Rozdelenie a základné kritériá pre identifikáciu inteligencie. Výskum zameraný na identifikáciu nadania a sebahodnotenia žiakov a študentov. Webová aplikácia Regio advisor.
Salvato in:
| Autore principale: | |
|---|---|
| Altri autori: | , |
| Natura: | Capitolo di libro |
| Lingua: | ceco |
| Soggetti: | |
| Tags: |
Nessun Tag, puoi essere il primo ad aggiungerne!!
|
MARC
| LEADER | 00000naa$a2200000$$$4500 | ||
|---|---|---|---|
| 001 | 0260268 | ||
| 005 | 20221216121411.1 | ||
| 041 | 0 | |a cze | |
| 044 | |a CZ | ||
| 245 | 1 | 0 | |a Using Gardner's Theory of Multiple Intelligence in Talent Management |c Jana Trdá, Renáta Václavková, Kateřina Horáková |
| 520 | |a Gardnerova teória mnohopočetnej inteligencie a definície jednotlivých inteligencií. Rozdelenie a základné kritériá pre identifikáciu inteligencie. Výskum zameraný na identifikáciu nadania a sebahodnotenia žiakov a študentov. Webová aplikácia Regio advisor. | ||
| 610 | 2 | 0 | |a inteligencia |
| 610 | 2 | 0 | |a talenty |
| 610 | 2 | 0 | |a sebahodnotenie |
| 610 | 2 | 0 | |a potenciál ľudský |
| 610 | 2 | 0 | |a študenti |
| 610 | 2 | 0 | |a talent manažment |
| 100 | 1 | |a Trdá, Jana | |
| 700 | 1 | |a Václavková, Renáta | |
| 700 | 1 | |a Horáková, Kateřina | |